000 00602nam a2200241 a 4500
001 nice12345678
003 IN_TiNIC
005 20260116011526.0
008 050524s1961 lona grp 000 0 eng
020 _a
_c0
082 0 0 _a269.2
_bMIL
100 _aMiller, W Mcelwee
245 _aTelling the Good News
_b Studies in the Work of Evangelism.
260 _aLondon
_bNo Publisher
_c1961
300 _a13p
500 _aincludes index and biblioraphy
505 2 _aIndex
650 _aEvangelistic Work
700 1 _aMiller, W Mcelwee
902 _bSRS
942 _cBK
999 _c2317
_d2317